书目信息 |
| 题名: |
孔雀和夜莺
|
|
| 作者: | 刘振华 著 | |
| 分册: | ||
| 出版信息: | 北京 大众文艺出版社 2011.08 |
|
| 页数: | 380页 | |
| 开本: | 20cm | |
| 丛书名: | ||
| 单 册: | ||
| 中图分类: | I277.4 | |
| 科图分类: | ||
| 主题词: | 民间文学--中国 | |
| 电子资源: | ||
| ISBN: | 978-7-80240-849-4 | |
| 000 | 00549nam0 2200193 450 | |
| 001 | 2554709319 | |
| 005 | 20251201151438.42 | |
| 010 | @a978-7-80240-849-4@dCNY28.90 | |
| 100 | @a20251201d2011 km y0chiy0120 ea | |
| 101 | 0 | @achi |
| 102 | @aCN@b110000 | |
| 200 | 1 | @a孔雀和夜莺@AKong Que He Ye Ying@f刘振华著@FLiu Zhen Hua Zhu |
| 210 | @a北京@c大众文艺出版社@d2011.08 | |
| 215 | @a380页@d20cm | |
| 606 | 0 | @a民间文学@x中国 |
| 690 | @aI277.4@v4 | |
| 701 | 0 | @a刘振华@ALiu Zhen Hua@4著 |
| 801 | 0 | @aCN@b河南城建学院图书馆@c20251201 |
| 905 | @dI277.4@eL722 | |
| 孔雀和夜莺/刘振华著.-北京:大众文艺出版社,2011.08 |
| 380页;20cm |
| ISBN 978-7-80240-849-4:CNY28.90 |
| ● |
| 相关链接 |
|
|
|
正题名:孔雀和夜莺
索取号:I277.4/L722
 
预约/预借
| 序号 | 登录号 | 条形码 | 馆藏地/架位号 | 状态 | 备注 |
| 1 | 1555739 | 215557396 | 城院文库/ [索取号:I277.4/L722] | 在馆 |